000 011970000a22003010004500
001 20664
003 CO-MdFUSB
005 20180622072744.0
008 160919t1987 xxu||||f |||| 00| 0 eng d
020 _a0-8006-2705-9
040 _aCO-MdFUSB
_bEspañol
_cCO-MdFUSB
_dCO-MdFUSB
_erda
041 _aeng
082 _224
_a220.12
_bSA194f
100 1 _aSanders, James A.
_eautor
245 0 _aFrom sacred story to sacred text
_c/ James A. Sanders
246 _bCanon as paradigm
264 4 _aPhiladelphia, Pennsylvania :
_bFortress Press,
_c©1987
300 _axx, 200 páginas
336 _2rdacontent
_a1
_ba1
337 _2rdamedia
_a2
_b5
338 _2rdacarrier
_a2
_b5
501 _aRústico
505 0 0 _aAdaptado para la vida: La naturaleza y la función del canon – La Torá y Cristo - Hermenéutica canónica - La crítica bíblica y la Biblia como canon - Hermenéutica canónica: La profecía verdadera y falsa - Torá y Pablo - Texto y canon: Conceptos y método - El contexto canónico y la crítica canónica - Desde la historia sagrada hasta el Texto sagrado
653 _aBible - Canon
653 _aBiblia - Canon
942 _cBK
999 _c47015
_d47015